Chỉnh hình răng hàm cơ bản

Nội dung sách được biên soạn tổng hợp và tóm tắt phần lớn các kiến thức cơ bản trong chuyên ngành nắn chỉnh răng.

Αποθηκεύτηκε σε:
Λεπτομέρειες βιβλιογραφικής εγγραφής
Κύριος συγγραφέας: Võ Thị Thúy Hồng
Μορφή: Βιβλίο
Γλώσσα:Vietnamese
Έκδοση: H. Y học 2022
Έκδοση:Tái bản lần thứ 1
Θέματα:
Ετικέτες: Προσθήκη ετικέτας
Δεν υπάρχουν, Καταχωρήστε ετικέτα πρώτοι!
Thư viện lưu trữ: Thư viện Trường Đại học Nam Cần Thơ
LEADER 01258nam a22002297a 4500
001 NCT_4_004947
008 240228b xxu||||| |||| 00| 0 vie d
999 |c 8128  |d 8128 
020 |a 9786046655251  |c 290000 
082 0 4 |2 23rd ed.  |a 617.643  |b H455 
100 1 |a Võ Thị Thúy Hồng 
245 1 0 |a Chỉnh hình răng hàm cơ bản  |c Võ Thị Thúy Hồng 
250 |a Tái bản lần thứ 1 
260 |a H.  |b Y học  |c 2022 
300 |a 211tr.  |b minh họa  |c 27 cm 
520 3 |a Nội dung sách được biên soạn tổng hợp và tóm tắt phần lớn các kiến thức cơ bản trong chuyên ngành nắn chỉnh răng. 
653 |a Răng Hàm Mặt 
942 |2 ddc  |c BK 
952 |0 0  |1 0  |2 ddc  |4 0  |6 617_643000000000000_H455  |7 0  |9 28660  |a 000001  |b 000001  |d 2024-02-28  |o 617.643 H455  |p MD.22186  |r 2024-02-28  |v 290000.00  |w 2024-02-28  |y BK 
952 |0 0  |1 0  |2 ddc  |4 0  |6 617_643000000000000_H455  |7 0  |9 28661  |a 000001  |b 000001  |d 2024-02-28  |o 617.643 H455  |p MD.22187  |r 2024-02-28  |v 290000.00  |w 2024-02-28  |y BK 
952 |0 0  |1 0  |2 ddc  |4 0  |6 617_643000000000000_H455  |7 0  |9 28662  |a 000001  |b 000001  |d 2024-02-28  |o 617.643 H455  |p MD.22188  |r 2024-02-28  |v 290000.00  |w 2024-02-28  |y BK 
980 |a Thư viện Trường Đại học Nam Cần Thơ